000 00598cam a22002053a 4500
001 38630
003 PGUSA
005 20140828083842.0
008 120120s2012||||xxu|||||s|||||000 | eng d
040 _aPGUSA
_beng
042 _adc
100 1 _aBaron, David
245 1 4 _aThe History of the Ten "Lost" Tribes :
_bAnglo-Israelism Examined
_h[electronic resource] /
_cDavid Baron
260 _bProject Gutenberg,
_c2012
506 _aPublic domain in the USA.
516 _aElectronic text
830 0 _aProject Gutenberg
_v38630
856 4 0 _uhttp://www.gutenberg.org/ebooks/38630
942 _cEB
999 _c267884
_d267884